000 01143nam a2200325 c 4500
001 59989
003 CO-BoRNBP
005 20251114141657.0
007 ta
008 221101s2017 ck ao er 000 0dspa d
020 _a9789588931821
040 _aCO-BoRNBP
_bspa
_erda
_cCO-BoRNBP
041 0 _aspa
043 _as-ag---
082 0 4 _a781.66
_bF27s
_222
100 _aFernández Bitar, Marcelo
_eaut
_967434
245 1 0 _aSoda Stereo :
_bla biografía total /
_cMarcelo Fernández Bitar.
250 _aPrimera edición
_bprimera reimpresión
264 1 _aBogotá, Colombia :
_bDebate,
_c2017
300 _a268 páginas, 16 páginas de láminas :
_bilustraciones, fotografías en blanco y negro y a color
336 _atexto
_btxt
_2rdacontent
337 _asin mediación
_bn
_2rdamedia
338 _avolumen
_bnc
_2rdacarrier
521 _aRecomendado para un público adulto
545 _aIncluye datos biográficos del autor en la solapa
610 2 4 _aSoda Stereo (Grupo musical)
_xHistoria
_967435
650 0 7 _aGrupos Musicales
_xHistoria
_2lemb
_967436
650 0 0 _aMúsica rock argentina
_xHistoria
_2LEMB
_967437
942 _2ddc
_cBK
999 _c59989
_d59989